Financial calculus : (Record no. 8807)

MARC details
000 -LEADER
fixed length control field 01103pam a2200277 a 4500
001 - CONTROL NUMBER
control field 2105333
003 - CONTROL NUMBER IDENTIFIER
control field OSt
005 - DATE AND TIME OF LATEST TRANSACTION
control field 20240625120231.0
008 - FIXED-LENGTH DATA ELEMENTS--GENERAL INFORMATION
fixed length control field 960528s1996 enka 001 0 eng
010 ## - LIBRARY OF CONGRESS CONTROL NUMBER
LC control number 96009219
020 ## - INTERNATIONAL STANDARD BOOK NUMBER
International Standard Book Number 0521552893
040 ## - CATALOGING SOURCE
Original cataloging agency DLC
Transcribing agency MUST
Modifying agency DLC
082 00 - DEWEY DECIMAL CLASSIFICATION NUMBER
Classification number 332 BAX 1996
100 1# - MAIN ENTRY--PERSONAL NAME
Personal name Baxter, Martin,
Dates associated with a name 1968-
9 (RLIN) 17796
245 10 - TITLE STATEMENT
Title Financial calculus :
Remainder of title an introduction to derivative pricing /
Statement of responsibility, etc. Martin Baxter, Andrew Rennie.
260 ## - PUBLICATION, DISTRIBUTION, ETC. (IMPRINT)
Place of publication, distribution, etc. Cambridge ;
-- New York, NY :
Name of publisher, distributor, etc. Cambridge University Press,
Date of publication, distribution, etc. 1996.
300 ## - PHYSICAL DESCRIPTION
Extent ix, 233 p. :
Other physical details ill. ;
Dimensions 24 cm.
500 ## - GENERAL NOTE
General note Includes index.
650 #0 - SUBJECT ADDED ENTRY--TOPICAL TERM
Topical term or geographic name as entry element Derivative securities
General subdivision Prices
-- Mathematics.
9 (RLIN) 17797
700 1# - ADDED ENTRY--PERSONAL NAME
Personal name Rennie, Andrew,
Dates associated with a name 1968-
9 (RLIN) 17798
856 42 - ELECTRONIC LOCATION AND ACCESS
Materials specified Publisher description
Uniform Resource Identifier http://www.loc.gov/catdir/description/cam027/96009219.html
856 41 - ELECTRONIC LOCATION AND ACCESS
Materials specified Table of contents
Uniform Resource Identifier http://www.loc.gov/catdir/toc/cam027/96009219.html
906 ## - LOCAL DATA ELEMENT F, LDF (RLIN)
a 7
b cbc
c orignew
d 1
e ocip
f 19
g y-gencatlg
942 ## - ADDED ENTRY ELEMENTS (KOHA)
Source of classification or shelving scheme Dewey Decimal Classification
Koha item type Open Shelf
Holdings
Withdrawn status Lost status Source of classification or shelving scheme Damaged status Not for loan Home library Current library Source of acquisition Inventory number Total Checkouts Full call number Barcode Date last seen Koha item type
    Dewey Decimal Classification     MUST Main Library MUST Main Library Purchase 2006/28337   332 BAX 1996 2024-21225 25/06/2024 Open Shelf
    Dewey Decimal Classification     MUST Main Library MUST Main Library Purchase 2005/24539   332 BAX 1996 2024-21226 25/06/2024 Open Shelf
    Dewey Decimal Classification     MUST Main Library MUST Main Library Purchase 2004/23022   332 BAX 1996 2024-21227 25/06/2024 Open Shelf
    Dewey Decimal Classification     MUST Main Library MUST Main Library Purchase 2006/28338   332 BAX 1996 2024-21229 25/06/2024 Open Shelf
    Dewey Decimal Classification     MUST Main Library MUST Main Library Purchase 2005/24538   332 BAX 1996 2024-21231 25/06/2024 Open Shelf
    Dewey Decimal Classification     MUST Main Library MUST Main Library Purchase 04/23023   332 BAX 1996 2024-21488 27/06/2024 Open Shelf